000 00670nam a2200265Ia 4500
005 20260121171506.0
008 008 260114s9999 xx 000 0 eng d
020 _a9783030302672
037 _aEBOOK
040 _aCRL
040 _beng
040 _cCRL
041 _2eng
041 _aeng
084 _qCRL
100 _aSteven De Haes, Laura Caluwe, Tim Huygh, Anant Joshi
_91076895
245 0 _aGoverning Digital Transformation
260 _bSpringer
260 _bSpringer
260 _c2020
856 _uhttps://link.springer.com/openurl?genre=book&isbn=978-3-030-30267-2
942 _cEBOOK
999 _c1642625
_d1642625